KOHA-Header-6

Non-Interest Banking In Pakistan (Concept, Practice And Evalution) (Record no. 396)

000 -LEADER
fixed length control field 00345nam a2200121Ia 4500
008 - FIXED-LENGTH DATA ELEMENTS--GENERAL INFORMATION
fixed length control field 190722s9999 xx 000 0 und d
020 ## - INTERNATIONAL STANDARD BOOK NUMBER
International Standard Book Number 978-969-407-115-1
100 ## - MAIN ENTRY--PERSONAL NAME
Personal name Abdul Jabbar Khan
245 #0 - TITLE STATEMENT
Title Non-Interest Banking In Pakistan (Concept, Practice And Evalution)
260 ## - PUBLICATION, DISTRIBUTION, ETC. (IMPRINT)
Place of publication, distribution, etc Karachi
Name of publisher, distributor, etc Royal Book Company
Date of publication, distribution, etc 2012
300 ## - PHYSICAL DESCRIPTION
Extent 104
942 ## - ADDED ENTRY ELEMENTS (KOHA)
Koha item type Books
Holdings
Withdrawn status Lost status Source of classification or shelving scheme Damaged status Not for loan Collection code Permanent Location Current Location Shelving location Date acquired Full call number Barcode Date last seen Price effective from Koha item type
          Banking MAJU MAJU Shelf No.A45 2019-07-22 332.2095 7022 2019-07-22 2019-07-22 Banking

Powered by Koha